Catálogo de la Biblioteca Horacio González - Universidad Nacional de General Sarmiento

La ceniza y la brasa : (Registro nro. 54251)

Detalles MARC
000 -CABECERA
campo de control de longitud fija 01677ngm a22003610a 4500
001 - NÚMERO DE CONTROL
campo de control PT15521
003 - IDENTIFICADOR DEL NÚMERO DE CONTROL
campo de control AR-LpoUNG
005 - FECHA Y HORA DE LA ÚLTIMA TRANSACCIÓN
campo de control 20210202000157.0
007 - CAMPO FIJO DE DESCRIPCIÓN FÍSICA--INFORMACIÓN GENERAL
campo de control de longitud fija vd cvaizq
008 - DATOS DE LONGITUD FIJA--INFORMACIÓN GENERAL
campo de control de longitud fija 191001s1994||||ag |||||||||||||||||spa d
037 ## - FUENTE DE ADQUISICIÓN
Condiciones de disponibilidad $13.33
040 ## - FUENTE DE LA CATALOGACIÓN
Centro catalogador/agencia de origen AR-LpoUNG
Lengua de catalogación spa
Centro/agencia transcriptor AR-LpoUNG
Normas de descripción aacr
041 ## - CÓDIGO DE LENGUA
Código de lengua del texto/banda sonora o título independiente spa
044 ## - CÓDIGO DEL PAÍS DE LA ENTIDAD EDITORA/PRODUCTORA
Código MARC del país ag
082 0# - NÚMERO DE LA CLASIFICACIÓN DECIMAL DEWEY
Número de clasificación 920.082 334cen
100 1# - ENTRADA PRINCIPAL--NOMBRE DE PERSONA
Nombre de persona Fenández Baraibar, Julio
Término indicativo de función/relación dir.
245 13 - MENCIÓN DE TÍTULO
Título La ceniza y la brasa :
Resto del título personalidad y pensamiento de Arturo Jauretche
260 ## - PUBLICACIÓN, DISTRIBUCIÓN, ETC.
Lugar de publicación, distribución, etc. Buenos Aires :
Nombre del editor, distribuidor, etc. Blackman,
Fecha de publicación, distribución, etc. [1994].
300 ## - DESCRIPCIÓN FÍSICA
Extensión VHS (65 min.) : son., col.
505 0# - NOTA DE CONTENIDO CON FORMATO
Nota de contenido con formato Música: Juan Falú ; producción: Licia Tizziani ; camara: Miguel Miño ; asistente: Gabriela Carmona ; edición: Sebastián Corona.
520 ## - SUMARIO, ETC.
Sumario, etc. El realizador de este video intenta trazar una semblanza de Arturo Jauretche en su dimensión de político, escritor y pensador, y una relación de los momentos históricos que Jauretche protagonizara. Con entrevistas a Alejandro Dolina, Aníbal Ford, Jorge B. Rivera, Noé Jitrik, Fermín Chávez y otros. Música compuesta e interpretada por Juan Falú. Arturo Jauretche, 1901 - 1974, es uno de los argentinos cuyo pensamiento más ha influido en varias generaciones. Yrigoyenista, fundador de la FORJA, peronista a partir del 17 de octubre de 1945, sigue siendo uno de los autores fundamentales en la creación colectiva de nuestra identidad nacional.
650 #4 - PUNTO DE ACCESO ADICIONAL DE MATERIA--TÉRMINO DE MATERIA
Término de materia o nombre geográfico como elemento de entrada BIOGRAFIAS
650 #4 - PUNTO DE ACCESO ADICIONAL DE MATERIA--TÉRMINO DE MATERIA
Término de materia o nombre geográfico como elemento de entrada NACIONALISMO
650 #4 - PUNTO DE ACCESO ADICIONAL DE MATERIA--TÉRMINO DE MATERIA
Término de materia o nombre geográfico como elemento de entrada NACIONALISTAS
650 #4 - PUNTO DE ACCESO ADICIONAL DE MATERIA--TÉRMINO DE MATERIA
Término de materia o nombre geográfico como elemento de entrada POLITICOS
651 #4 - PUNTO DE ACCESO ADICIONAL DE MATERIA--NOMBRE GEOGRÁFICO
Nombre geográfico Argentina
653 ## - TÉRMINO DE INDIZACIÓN--NO CONTROLADO
Término no controlado ARGENTINOS
653 ## - TÉRMINO DE INDIZACIÓN--NO CONTROLADO
Término no controlado DOCUMENTALES
653 ## - TÉRMINO DE INDIZACIÓN--NO CONTROLADO
Término no controlado VHS
653 ## - TÉRMINO DE INDIZACIÓN--NO CONTROLADO
Término no controlado VIDEOS
905 ## - ELEMENTOS DE DATOS E LOCAL, LDE (RLIN)
a 15521
942 ## - ELEMENTOS DE PUNTO DE ACCESO ADICIONAL (KOHA)
Tipo de ítem Koha Video
Existencias
Estado de retiro Estado de pérdida Estado dañado No para préstamo Código de colección Localización permanente Ubicación/localización actual Fecha de adquisición Total de préstamos Signatura topográfica completa Código de barras Fecha visto por última vez Precio válido a partir de Tipo de ítem Koha
        Colección Cine Biblioteca Universidad Nacional de General Sarmiento Biblioteca Universidad Nacional de General Sarmiento 02/02/2021   920.082 334cen 00017898 02/02/2021 02/02/2021 Video